Andaluces famosos por imagen - Estadísticas

Estadísticas generales
  • Esta prueba ha sido intentada 2.286 veces
  • La puntuación promedio es 11 de 20
Estadísticas de respuestas
Imagen Hint Respuesta % Correcto
Camas Sergio Ramos
95%
Málaga Antonio Banderas
94%
Almería David Bisbal
94%
Málaga Pablo Picasso
86%
Fuente Vaqueros Federico García Lorca
79%
Málaga Pablo Alborán
79%
Sevilla Paco León
76%
Úbeda Joaquín Sabina
67%
Algeciras Paco de Lucía
67%
Marbella Millie Bobby Brown
64%
Sevilla Felipe González
51%
Málaga Vanesa Martín
47%
Sevilla Sergio Rico
45%
Sevilla Susana Díaz
43%
Sevilla Antonio Machado
29%
Coín Juanmi Jiménez
25%
Casares Blas Infante
15%
Málaga Maggie Civantos
15%
San Fernando Sandra Golpe
14%
Granada Eugenia de Montijo
8%
No se encontraron pruebas coincidentes
Distribución de puntuación
Porcentaje de gente con cada puntuación
Porcentaje por número respondido
Historial de tus puntuaciones
No has intentado esta prueba.